| 000 | 00379 a2200169 4500 | ||
|---|---|---|---|
| 001 | 60282 | ||
| 020 | _a9788502095755 | ||
| 040 | _cAnchieta - Pituba | ||
| 100 | _aet.al. | ||
| 240 | 1 | 0 |
_aAqui dentro há um longe imenso _lpor |
| 245 | 1 | 0 | _aAqui dentro há um longe imenso |
| 300 | _a98 | ||
| 362 | 0 | _a2010 | |
| 440 | 1 | _aSaraiva | |
| 650 | 4 | _aLiteratura juvenil | |
| 942 | _cBK | ||
| 999 |
_c60282 _d60282 |
||